Дело о рассылке по университетам профессорам юридических факультетов программы для собирания народных юридических обычаев

RUSMARC
00004909cbc2a2200000#x 450
001f685e1da-96ad-4982-995d-23023cecd5f5
00520220801145951.0
100##$a20160321l18661866k l0rusy0189 ca
1010#$arus
102##$aRU
2001#$aДело о рассылке по университетам профессорам юридических факультетов программы для собирания народных юридических обычаев
$j28 мая - 4 июня 1866 г.
251##$cДело
300##$aРукописный текст. Чернила
801#0$aRU
$bРГИА
$c20160321
801#1$aRU
$bГлавНИВЦ
$c20160321
$2rusmarc
801#2$aRU
$bПБ им. Б.Н. Ельцина
$c20180619
$gRCR
$2rusmarc
850##$aФедеральное казенное учреждение "Российский государственный исторический архив"
852##$aРГИА
$j281
937##$hРГИА
$d12193836
$aASBIBLIO_SCAN
462#0$1001bddc07d4-03e3-4f2f-a715-f0b0b4a2fdca
$12001
$aДела по ученым учреждениям Департамента народного просвещения за 1863-1895 гг.
$vД. 281
$1251
$cОпись
$1852
$j142
461#0$1001a74412a3-3cc5-4d21-8f0a-dfe2fbd9e72d
$12001
$aДепартамент народного просвещения Министерства народного просвещения
$1251
$cФонд
$1852
$j733
215##$a25 листов
$d36,5х26 см
371##$aДокумент не является опубликованным и широко распространяемым
105##$ay###
1222#$ad18660528##
$ad18660604##
035##$af685e1da-96ad-4982-995d-23023cecd5f5
856##$uhttp://readingroom.main.prlib.ru/item.aspx?id_node=n116199974&mode=full
605##$2acquisition_Prlib
$3LIBNET\UAF\0000101466
$aГод культурного наследия народов России
$lколлекция
605##$aНарод
$lколлекция
$2acquisition_Prlib
$3DITM\AF\0000003834
6061#$2nlr_sh
$3RU\NLR\AUTH\66778236
$aОбычное право
$jАрхивные дела
$yРоссия
6061#$2nlr_sh
$3RU\NLR\AUTH\66281934
$aВысшие учебные заведения
$jАрхивные дела
$yРоссия
686##$2rubbk
$a67.3(2)52ю1
$vLBC/M
Формат отображения